000 00556nam a2200217Ia 4500
003 OSt
005 20220928144317.0
006 a|||||r|||| 00| 0
007 ta
008 220927b |||||||| |||| 00| 0 eng d
024 _a64329
037 _cTextual
040 _aSDCL
_cSDCL
_beng
041 _2eng
_aeng
082 _aG11n1,M85, M6
100 _aPalade George E. Ed.
_9507550
245 0 _aAnnual review of cell biology
260 _c1986
942 _hG11n1,M85, M6
_cTEXL
_2CC
999 _c826949
_d826949